Finančno - ekonomické aspekty prepravy zemného plynu vo vybranej európskej krajine bakalárska práca

Guardado en:
Detalles Bibliográficos
Autor principal: Macáková, Michaela
Autor Corporativo: Národohospodárska fakulta EU. Katedra financií
Otros Autores: Bašová, Alena, 1961-
Formato: Libro
Lenguaje:eslovaco
Publicado: Bratislava 2017
Etiquetas: Agregar Etiqueta
Sin Etiquetas, Sea el primero en etiquetar este registro!

MARC

LEADER 00000nbm a2200000 4500
001 0233862
005 20190405083026.1
041 0 |a slo 
044 |a SK 
245 1 0 |a Finančno - ekonomické aspekty prepravy zemného plynu vo vybranej európskej krajine  |b bakalárska práca  |c Michaela Macáková ; školiteľ: Alena Bašová 
264 1 |a Bratislava  |c 2017 
300 |a 52 s. 
100 1 |a Macáková, Michaela 
700 1 |a Bašová, Alena, 1961- 
710 2 |a Národohospodárska fakulta EU. Katedra financií